000 00486nam a2200181Ia 4500
008 090124s9999 xx 000 0 und d
082 _b121098
100 _aमेहता शशिकला
245 _a सोन गंधा
250 _a2
260 _c1985
300 _a226
600 _aमेहता शशिकला
630 _a सोन गंधा
700 _aमेहता शशिकला
730 _a सोन गंधा
942 _cBOOK
999 _c167184
_d167184